[Event "World Rapid Women 2018"]
[Site "St Petersburg RUS"]
[Date "2018.12.27"]
[Round "8.24"]
[White "Michna, Marta"]
[Black "Doan, Thi Van Anh"]
[Result "1/2-1/2"]
[WhiteTitle "WGM"]
[BlackTitle "WFM"]
[WhiteElo "2333"]
[BlackElo "1950"]
[WhiteFideId "1106686"]
[BlackFideId "12400491"]
[EventDate "2018.12.26"]

1. d4 Nf6 2. c3 d5 3. Bf4 c5 4. e3 Qb6 5. Qb3 c4 6. Qc2 g6 7. Nd2 Bf5 8. Qc1 Nc6
9. Ngf3 Bg7 10. Be2 O-O 11. Ne5 Rad8 12. O-O Nd7 13. Nxd7 Rxd7 14. b3 cxb3 15.
axb3 e5 16. Bg3 Rc8 17. Qa3 Bf8 18. Qa2 exd4 19. exd4 Nxd4 20. cxd4 Rc2 21. Qxa7
Qxa7 22. Rxa7 Rxd2 23. Bb5 Rd8 24. Be5 Rb2 25. Rxb7 Rxb3 26. Bc6 Rc3 27. Bb5 Rb3
28. Bc6 Rc3 29. Bb5 Rb3 30. Bc6 Rc3 1/2-1/2

[Event "World Rapid Women 2018"]
[Site "St Petersburg RUS"]
[Date "2018.12.27"]
[Round "8.25"]
[White "Romanovskaya, Anna"]
[Black "Tsolakidou, Stavroula"]
[Result "1-0"]
[WhiteTitle "WFM"]
[BlackTitle "IM"]
[WhiteElo "2210"]
[BlackElo "2387"]
[WhiteFideId "4164725"]
[BlackFideId "4264312"]
[EventDate "2018.12.26"]

1. e4 c5 2. Nc3 e6 3. Nf3 Nc6 4. d4 cxd4 5. Nxd4 Qc7 6. g3 a6 7. Bg2 Nge7 8. Nb3
Ne5 9. O-O h5 10. h3 b5 11. f4 Nc4 12. Qe1 Bb7 13. f5 Nc6 14. Bf4 N6e5 15. Rb1
Rc8 16. Kh1 Bd6 17. Nd4 Qa5 18. Qf2 Qb6 19. fxe6 fxe6 20. b3 Na3 21. Rbd1 Rxc3
22. Bxe5 Rf8 23. Nf5 Bc5 24. Qd2 1-0

[Event "World Rapid Women 2018"]
[Site "St Petersburg RUS"]
[Date "2018.12.27"]
[Round "8.26"]
[White "Kabanova, Ekaterina"]
[Black "Dordzhieva, Dinara"]
[Result "0-1"]
[WhiteTitle "WFM"]
[BlackTitle "WIM"]
[WhiteElo "2095"]
[BlackElo "2340"]
[WhiteFideId "24112917"]
[BlackFideId "24157570"]
[EventDate "2018.12.26"]

1. c4 f5 2. Nf3 Nf6 3. e3 g6 4. Nc3 Bg7 5. Qc2 d6 6. d4 c6 7. b3 O-O 8. Bb2 Nbd7
9. d5 cxd5 10. cxd5 Qa5 11. Nd4 Nxd5 12. Bc4 Nb6 13. O-O Nxc4 14. bxc4 Nxc3 15.
Bxc3 Qc5 16. Qd3 Bd7 17. Rab1 b6 18. Rfc1 Rac8 19. Bb2 Rfd8 20. Nb3 Qc7 21. Bxg7
Kxg7 22. Qd4+ e5 23. Qh4 Bc6 24. Nd2 Qf7 25. Rb3 Qf6 26. Qg3 Rc7 27. f4 Bb7 28.
Rf1 Rdc8 29. Ra3 Bc6 30. h4 exf4 31. Rxf4 Qe5 32. Kh2 Re8 33. Rd3 Rce7 34. Nf1
d5 35. Nd2 d4 36. exd4 Qe2 37. d5 Bd7 38. Nf1 Re4 39. Rff3 Rg4 40. Qh3 f4 41.
Kg1 Bf5 42. Rd2 Qe1 43. Rff2 Rg3 44. Qh2 Qe5 45. d6 Bd7 46. Kh1 Rg4 47. Rf3 Qf6
48. Rh3 Re1 49. Kg1 Qe5 50. h5 Rg5 51. h6+ Kg8 52. Rh4 Rf5 53. Rf2 Qe3 54. Rh3
Rxf1+ 55. Kxf1 Qc1+ 56. Ke2 Re5+ 57. Kd3 Re3+ 58. Rxe3 Qxe3+ 59. Kc2 Qxf2+ 60.
Kb3 Qe3+ 61. Kb4 Qc5+ 62. Kb3 Qxd6 63. Qh4 Be6 64. Kc3 Qe5+ 65. Kc2 g5 66. Qh5
Bf7 67. Qf3 Bg6+ 68. Kd1 Qd4+ 69. Ke2 Qe3+ 0-1

[Event "World Rapid Women 2018"]
[Site "St Petersburg RUS"]
[Date "2018.12.27"]
[Round "8.27"]
[White "Paehtz, Elisabeth"]
[Black "Styazhkina, Anna"]
[Result "0-1"]
[WhiteTitle "IM"]
[BlackTitle "WIM"]
[WhiteElo "2487"]
[BlackElo "2274"]
[WhiteFideId "4641833"]
[BlackFideId "24119300"]
[EventDate "2018.12.26"]

1. d4 d5 2. Bf4 Nf6 3. e3 c5 4. Nf3 Nc6 5. Nbd2 e6 6. c3 cxd4 7. exd4 Nh5 8. Be3
Bd6 9. Ne5 g6 10. g4 Ng7 11. h4 f6 12. Nxc6 bxc6 13. h5 gxh5 14. gxh5 Nf5 15. h6
Nxe3 16. Qh5+ Ke7 17. fxe3 Bg3+ 18. Kd1 Rg8 19. Bd3 e5 20. Be2 e4 21. Rf1 Rb8
22. Kc2 a5 23. Rxf6 Kxf6 24. Rf1+ Ke6 25. Qf7+ Kd6 26. Rf6+ Qxf6 27. Qxf6+ Be6
28. Qf1 Rbf8 29. Qd1 Bf2 30. Nf1 Rg1 31. Qd2 Bh3 32. c4 Bxf1 33. Qxa5 Bxe2 34.
Qc5+ Kd7 35. Qxf8 Bd1+ 36. Kd2 Be1+ 37. Kc1 Bg4 38. Qf7+ Kd8 39. Qg8+ Kc7 40.
Qxh7+ Bd7 41. Kc2 Rg2+ 42. Kb3 dxc4+ 43. Ka3 Bg3 44. b4 c3 45. Qxe4 Rh2 46. h7
Bd6 47. Kb3 c2 48. Kb2 Kb6 49. Qxc2 Rxc2+ 0-1

[Event "World Rapid Women 2018"]
[Site "St Petersburg RUS"]
[Date "2018.12.27"]
[Round "8.28"]
[White "Danielian, Elina"]
[Black "Sviridova, Vlada"]
[Result "0-1"]
[WhiteTitle "GM"]
[BlackTitle "WFM"]
[WhiteElo "2427"]
[BlackElo "2144"]
[WhiteFideId "13300210"]
[BlackFideId "24109606"]
[EventDate "2018.12.26"]

1. d4 d5 2. Bf4 c5 3. e3 Nc6 4. Nf3 Nf6 5. Nbd2 e6 6. c3 Bd6 7. Bg3 O-O 8. Bd3
b6 9. Ne5 Bb7 10. Qe2 Qc7 11. f4 Ne7 12. dxc5 bxc5 13. e4 dxe4 14. Nxe4 Nxe4 15.
Bxe4 Bxe4 16. Qxe4 Bxe5 17. fxe5 Rab8 18. Qe2 c4 19. O-O Nd5 20. Rf2 a5 21. h3
a4 22. Bh4 Qc5 23. Re1 Nf4 24. Qg4 Nd3 25. Re2 Nxf2 26. Bxf2 Qd5 27. Kh2 Kh8 28.
Bd4 Rb7 29. Rf2 Rfb8 30. h4 Rxb2 31. Rxf7 Rg8 32. a3 Ra2 33. Re7 Qc6 34. h5 h6
35. Rxe6 Rxg2+ 36. Qxg2 Qxe6 37. Qg6 Qxg6 38. hxg6 Re8 39. Kg3 Re6 40. Kf4 Rxg6
41. Kf5 Rc6 42. e6 Kg8 43. Ke5 Kf8 44. Kd5 Ra6 45. Bc5+ Ke8 46. Bd4 g5 47. Ke5
Ra5+ 48. Kf6 g4 49. Bf2 h5 50. Bh4 Rd5 51. Kg6 Re5 52. e7 Rxe7 53. Kxh5 Re3 54.
Bf6 g3 55. Bd4 Rd3 0-1

[Event "World Rapid Women 2018"]
[Site "St Petersburg RUS"]
[Date "2018.12.27"]
[Round "8.29"]
[White "Mamedjarova, Turkan"]
[Black "Shafigullina, Zarina"]
[Result "0-1"]
[WhiteTitle "WGM"]
[BlackTitle "WFM"]
[WhiteElo "2295"]
[BlackElo "2140"]
[WhiteFideId "13402005"]
[BlackFideId "24174220"]
[EventDate "2018.12.26"]

1. d4 Nf6 2. Nf3 e6 3. c4 b6 4. Nc3 Bb7 5. Qc2 Bb4 6. e3 O-O 7. a3 Bxc3+ 8. bxc3
Be4 9. Bd3 d5 10. Bxe4 Nxe4 11. O-O Nd7 12. cxd5 exd5 13. c4 c6 14. Nd2 Ndf6 15.
f3 Nxd2 16. Bxd2 Rc8 17. c5 bxc5 18. Qxc5 Qb6 19. Rfc1 Nd7 20. Qe7 Qc7 21. Rc2
Rfe8 22. Qg5 Qd6 23. Bb4 Qe6 24. Rc3 Nb6 25. Rac1 Nc4 26. e4 a5 27. Rxc4 dxc4
28. Qxa5 Qh6 29. Bd2 Qd6 30. Rxc4 Ra8 31. Qb4 Qc7 32. Qc5 Qd7 33. h3 Re6 34. a4
Rg6 35. Kh2 Qd8 36. Qh5 Rb8 37. f4 Rb2 38. f5 Qd6+ 39. Kh1 Rxg2 40. Kxg2 Rxd2+
41. Kf3 Qa3+ 42. Kf4 Rf2+ 0-1

[Event "World Rapid Women 2018"]
[Site "St Petersburg RUS"]
[Date "2018.12.27"]
[Round "8.30"]
[White "Skripchenko, Almira"]
[Black "Petrova, Irina"]
[Result "0-1"]
[WhiteTitle "IM"]
[BlackTitle "WIM"]
[WhiteElo "2408"]
[BlackElo "2124"]
[WhiteFideId "13900145"]
[BlackFideId "14124122"]
[EventDate "2018.12.26"]

1. e4 d6 2. d4 Nf6 3. Nc3 g6 4. h3 a6 5. a4 Bg7 6. g4 h5 7. g5 Nfd7 8. f4 b6 9.
Bg2 Bb7 10. Nf3 b5 11. axb5 axb5 12. Rxa8 Bxa8 13. Qe2 b4 14. Nd1 c5 15. dxc5
Nxc5 16. Nf2 Nbd7 17. O-O Bb7 18. Rd1 Ba6 19. Qe3 O-O 20. h4 Qb8 21. Nd4 Qc7 22.
Bd2 Rb8 23. b3 Nf8 24. f5 Nfd7 25. Ne2 Ne5 26. Nf4 Qa7 27. Nd5 Nc6 28. f6 exf6
29. gxf6 Bf8 30. Ra1 Qd7 31. Qe1 Qd8 32. Be3 Bc8 33. Bg5 Be6 34. Qd2 Nd7 35. Rf1
Nde5 36. Nd3 Bxd5 37. exd5 Nxd3 38. dxc6 Ne5 39. Bd5 Nxc6 40. Qg2 Ne5 41. Qe4
Qc8 42. Ra1 Rb5 43. Ra8 Qc5+ 44. Be3 Qxd5 45. Qxd5 Rxd5 46. Bh6 Nd7 47. Rd8 Rc5
48. Bg7 Rxc2 0-1

[Event "World Rapid Women 2018"]
[Site "St Petersburg RUS"]
[Date "2018.12.27"]
[Round "8.31"]
[White "Guichard, Pauline"]
[Black "Injac, Teodora"]
[Result "1-0"]
[WhiteTitle "WGM"]
[BlackTitle "WIM"]
[WhiteElo "2378"]
[BlackElo "2325"]
[WhiteFideId "639370"]
[BlackFideId "932400"]
[EventDate "2018.12.26"]

1. d4 Nf6 2. Nf3 g6 3. Bg5 Bg7 4. Nbd2 O-O 5. c3 d6 6. e4 h6 7. Bh4 c5 8. dxc5
dxc5 9. Qc2 Nc6 10. Rd1 Nh5 11. Nc4 Qc7 12. Ne3 e6 13. Be2 b6 14. Bg3 Nxg3 15.
hxg3 Bb7 16. Ng4 h5 17. Ne3 Bh6 18. Nc4 Rad8 19. g4 hxg4 20. Rxh6 gxf3 21. Bxf3
Kg7 22. Rxd8 Qxd8 23. Rh1 Qg5 24. Qd2 Qxd2+ 25. Kxd2 Rd8+ 26. Ke3 b5 27. Nd2 c4
28. Be2 a6 29. Nf3 e5 30. g4 f6 31. a4 g5 32. Nd2 Ne7 33. Ra1 Ra8 34. Nf1 Kf7
35. Ng3 Ke6 36. Rh1 Ng6 37. Rh7 Bc6 38. Nf5 Rh8 39. Rg7 Be8 40. Ra7 Rh3+ 41. f3
Nf4 42. Ng7+ Kd6 43. Nxe8+ Kc6 44. Rxa6+ Kb7 45. axb5 Rh2 46. Bxc4 Ng2+ 47. Kd2
Nh4+ 48. Kc1 Rh1+ 49. Kc2 Nxf3 50. Bd5+ Kc8 51. b6 1-0

[Event "World Rapid Women 2018"]
[Site "St Petersburg RUS"]
[Date "2018.12.27"]
[Round "8.32"]
[White "Belenkaya, Dina"]
[Black "Kovanova, Baira"]
[Result "0-1"]
[WhiteTitle "WGM"]
[BlackTitle "WGM"]
[WhiteElo "2338"]
[BlackElo "2352"]
[WhiteFideId "24142654"]
[BlackFideId "4164083"]
[EventDate "2018.12.26"]

1. e4 d6 2. d4 g6 3. Nf3 Bg7 4. Bd3 a6 5. a4 Nd7 6. O-O e5 7. dxe5 dxe5 8. Nbd2
Ngf6 9. b3 O-O 10. Ba3 Re8 11. Nc4 Nh5 12. g3 Nb8 13. Ne3 Bh3 14. Re1 Nc6 15. c3
h6 16. Qc2 Qc8 17. Rad1 Nf4 18. Bc4 Bg4 19. Nxg4 Qxg4 20. Re3 Rad8 21. Bd5 Nb8
22. a5 Nc6 23. Bxc6 bxc6 24. Rd2 h5 25. Ne1 Bf6 26. f3 Qg5 27. Bc5 Rxd2 28. Qxd2
Rd8 29. Qc2 h4 30. g4 Be7 31. Bxe7 Qxe7 32. Nd3 Nh3+ 33. Kg2 Qg5 34. Qe2 Rxd3
35. Kxh3 Qxe3 0-1

[Event "World Rapid Women 2018"]
[Site "St Petersburg RUS"]
[Date "2018.12.27"]
[Round "8.33"]
[White "Nebolsina, Vera"]
[Black "Haussernot, Cecile"]
[Result "1-0"]
[WhiteTitle "WGM"]
[BlackTitle "WIM"]
[WhiteElo "2242"]
[BlackElo "2196"]
[WhiteFideId "4163591"]
[BlackFideId "601632"]
[EventDate "2018.12.26"]

1. e4 c5 2. Nc3 e6 3. Nf3 a6 4. g3 b5 5. Bg2 Bb7 6. d3 Nf6 7. O-O Be7 8. e5 Nd5
9. Ne4 O-O 10. c4 Nb6 11. Qe2 Nc6 12. Be3 bxc4 13. dxc4 Na5 14. Nxc5 Bxf3 15.
Bxf3 Rc8 16. Nb7 Nxb7 17. Bxb7 Rb8 18. Bxa6 Qc7 19. Bd4 Bc5 20. Rfd1 Bxd4 21.
Rxd4 Qc5 22. Rh4 f6 23. Qh5 fxe5 24. Qxh7+ Kf7 25. Rg4 Ke8 26. Rf1 Na4 27. Bb5
Nxb2 28. Rxg7 Nxc4 29. Bxd7+ Kd8 30. Qh4+ Kc7 31. Bxe6+ Kd6 32. Bxc4 1-0

[Event "World Rapid Women 2018"]
[Site "St Petersburg RUS"]
[Date "2018.12.27"]
[Round "8.34"]
[White "Garifullina, Leya"]
[Black "Mammadzada, Gunay"]
[Result "0-1"]
[WhiteTitle "WCM"]
[BlackTitle "IM"]
[WhiteElo "2132"]
[BlackElo "2422"]
[WhiteFideId "34127035"]
[BlackFideId "13403729"]
[EventDate "2018.12.26"]

1. e4 c5 2. Nf3 d6 3. d4 cxd4 4. Nxd4 Nf6 5. Nc3 a6 6. h3 Nc6 7. Nde2 b5 8. a3
Bb7 9. g4 e6 10. Bg2 Be7 11. Be3 Nd7 12. Nd4 Nde5 13. Nxc6 Bxc6 14. Bd4 O-O 15.
O-O Ng6 16. f4 Nxf4 17. Rxf4 e5 18. Rf1 exd4 19. Qxd4 Bf6 20. Qd3 Be5 21. Rae1
b4 22. Nd5 Bb5 23. Qb3 Bxf1 24. Rxf1 bxa3 25. Qxa3 a5 26. Ne3 Qb6 27. Kh1 Qxb2
28. Qd3 a4 29. Qd5 Qd4 30. Nc4 Qxd5 31. exd5 a3 32. Nxe5 dxe5 33. Ra1 a2 34. c4
Rfb8 35. Be4 Ra5 36. Kg2 Kf8 37. c5 Rb2+ 38. Kf3 Ra3+ 39. Bd3 Rxd3+ 40. Ke4 Rdd2
41. c6 Ke7 42. Kxe5 f6+ 43. Kf5 Rb1 44. c7 Kd7 0-1

[Event "World Rapid Women 2018"]
[Site "St Petersburg RUS"]
[Date "2018.12.27"]
[Round "8.35"]
[White "Protopopova, Anastasiya"]
[Black "Vega Gutierrez, Sabrina"]
[Result "1-0"]
[WhiteTitle "WFM"]
[BlackTitle "IM"]
[WhiteElo "2304"]
[BlackElo "2390"]
[WhiteFideId "24172073"]
[BlackFideId "2219026"]
[EventDate "2018.12.26"]

1. d4 d5 2. Nf3 Nf6 3. c4 dxc4 4. e3 Bg4 5. Bxc4 e6 6. O-O Nbd7 7. Nc3 Bb4 8. h3
Bh5 9. Be2 O-O 10. Qb3 c5 11. a3 Bxc3 12. bxc3 Qc7 13. Ra2 Rfe8 14. Rd1 Rab8 15.
a4 e5 16. Ng5 Bg6 17. Bc4 Re7 18. Ba3 e4 19. h4 Bh5 20. Rc1 Ng4 21. g3 Nxe3 22.
Be2 Bg6 23. dxc5 Bf5 24. Qb2 h6 25. Qd2 hxg5 26. Qxe3 gxh4 27. c6 Ne5 28. Bxe7
Qxe7 29. Rb2 Nxc6 30. Rb5 Bg6 31. Rcb1 hxg3 32. fxg3 Qc7 33. Qf4 Qd7 34. Rd1 Qe7
35. Kg2 Re8 36. Qd6 Ne5 37. Qxe7 Rxe7 38. Rd8+ Kh7 39. Rb1 e3 40. Rh1+ 1-0

[Event "World Rapid Women 2018"]
[Site "St Petersburg RUS"]
[Date "2018.12.27"]
[Round "8.36"]
[White "Nazarova, Anastasia"]
[Black "Murashova, Ekaterina"]
[Result "1-0"]
[WhiteTitle "WFM"]
[BlackTitle "WIM"]
[WhiteElo "2157"]
[BlackElo "2259"]
[WhiteFideId "34101737"]
[BlackFideId "4171985"]
[EventDate "2018.12.26"]

1. e4 c5 2. Nf3 e6 3. d4 cxd4 4. Nxd4 Nc6 5. Nc3 a6 6. Nxc6 bxc6 7. Bd3 d5 8.
O-O Nf6 9. Qf3 a5 10. Re1 Ba6 11. Bxa6 Rxa6 12. Bg5 Be7 13. Bxf6 gxf6 14. Rad1
a4 15. Qg4 a3 16. b3 Qa5 17. Qg3 Kf8 18. Re3 Rg8 19. Qh4 Rg7 20. Qh6 Kg8 21.
exd5 cxd5 22. Nxd5 exd5 23. Rxe7 Re6 24. Rxe6 fxe6 25. Qxf6 Rg6 26. Qe5 Qb4 27.
g3 Qg4 28. Re1 h5 29. Qe2 Qf5 30. Qd3 Qg4 31. c4 Rg5 32. c5 Kf7 33. c6 Qb4 34.
Re2 d4 35. c7 Rc5 36. Qh7+ Kf6 37. Qh8+ Kf5 38. c8=Q 1-0

[Event "World Rapid Women 2018"]
[Site "St Petersburg RUS"]
[Date "2018.12.27"]
[Round "8.37"]
[White "Garcia Martin, Marta"]
[Black "Molchanova, Tatjana"]
[Result "1-0"]
[WhiteTitle "FM"]
[BlackTitle "WGM"]
[WhiteElo "2301"]
[BlackElo "2245"]
[WhiteFideId "32084030"]
[BlackFideId "4132203"]
[EventDate "2018.12.26"]

1. e4 c6 2. d4 d5 3. e5 Bf5 4. Nc3 e6 5. g4 Bg6 6. Nge2 Qh4 7. Nf4 Bb4 8. Bd2
Nd7 9. Ng2 Qe7 10. h4 f6 11. h5 Bf7 12. f4 O-O-O 13. Bd3 Nh6 14. Qe2 Kb8 15. a3
Bxc3 16. Bxc3 fxe5 17. dxe5 Nc5 18. O-O-O Na4 19. Bd2 c5 20. c4 d4 21. f5 Qc7
22. Bg5 Rde8 23. f6 Nxg4 24. Qxg4 gxf6 25. Bxf6 Rhg8 26. Qe2 h6 27. Nf4 Rg3 28.
Rh3 Reg8 29. Rxg3 Rxg3 30. Qc2 Qa5 31. Bh4 Rg4 32. Be1 Qa6 33. Bd2 Nb6 34. Rf1
Nd7 35. Ng6 Be8 36. Qd1 Rg2 37. Rg1 Rh2 38. Bxh6 Qb6 39. Bc2 d3 40. Qxd3 Rxh5
41. Bd2 Rh2 42. Bf4 Rf2 43. Qe3 Rxc2+ 44. Kxc2 Qc6 45. Qd3 Ka8 46. Nf8 Qa4+ 47.
Kc1 a5 48. Nxd7 Bxd7 49. Be3 Qc6 50. Rd1 1-0

[Event "World Rapid Women 2018"]
[Site "St Petersburg RUS"]
[Date "2018.12.27"]
[Round "8.38"]
[White "Atalik, Ekaterina"]
[Black "Munkhzul, Turmunkh"]
[Result "1/2-1/2"]
[WhiteTitle "IM"]
[BlackTitle "WFM"]
[WhiteElo "2447"]
[BlackElo "2255"]
[WhiteFideId "4130189"]
[BlackFideId "4901878"]
[EventDate "2018.12.26"]

1. Nf3 Nf6 2. e3 g6 3. b3 Bg7 4. Bb2 O-O 5. c4 d6 6. d4 Nbd7 7. Be2 c5 8. O-O b6
9. Nc3 Bb7 10. d5 a6 11. Qc2 b5 12. e4 b4 13. Nd1 a5 14. Ne3 Nb6 15. e5 Ne8 16.
exd6 exd6 17. Bxg7 Nxg7 18. Bd3 Bc8 19. Rfe1 Qf6 20. Nd2 Qd8 21. f4 f5 22. Nf3
Qf6 23. g3 a4 24. Rac1 axb3 25. axb3 Rf7 26. Ng2 Rfa7 27. Qe2 Bd7 28. Ne5 dxe5
29. fxe5 Qe7 30. Qe3 Nc8 31. Nf4 g5 32. Ng2 h6 33. h4 Ra2 34. Rc2 Ra1 35. Re2
Rxe1+ 36. Rxe1 Ra2 37. Bb1 Ra6 38. Qd3 Rg6 39. Kh2 gxh4 40. Nxh4 Rg4 41. Ng2 Rd4
42. Qf3 Qg5 43. Nf4 h5 44. Nh3 Qg4 45. Qxg4 hxg4 46. Nf4 Rd2+ 47. Kg1 Rb2 48.
Nd3 Rxb3 49. Nxc5 Rxg3+ 50. Kf2 Rf3+ 51. Kg2 Nh5 52. Nxd7 Nf4+ 53. Kg1 Rg3+ 54.
Kh2 Rh3+ 55. Kg1 Rg3+ 56. Kh2 Rh3+ 57. Kg1 Rg3+ 1/2-1/2

[Event "World Rapid Women 2018"]
[Site "St Petersburg RUS"]
[Date "2018.12.27"]
[Round "8.39"]
[White "Strutinskaia, Galina"]
[Black "Shuvalova, Polina"]
[Result "0-1"]
[WhiteTitle "WGM"]
[BlackTitle "WIM"]
[WhiteElo "2201"]
[BlackElo "2441"]
[WhiteFideId "4108558"]
[BlackFideId "24171760"]
[EventDate "2018.12.26"]

1. d4 Nf6 2. c4 e6 3. Nc3 Bb4 4. f3 d5 5. a3 Bxc3+ 6. bxc3 c5 7. cxd5 exd5 8. e3
O-O 9. Bd3 b6 10. Ne2 Ba6 11. O-O Re8 12. Ng3 Bxd3 13. Qxd3 Nc6 14. Ra2 Rc8 15.
Rd1 Qd7 16. Re2 h5 17. e4 cxd4 18. cxd4 dxe4 19. fxe4 Qxd4+ 20. Be3 Qxd3 21.
Rxd3 Ne5 22. Rb3 g6 23. Bg5 Kg7 24. h3 Rc4 25. Kh2 Re6 26. Rb4 Rc3 27. a4 Nc6
28. Rb5 Nd4 29. e5 Nh7 30. Bd2 Rxg3 0-1

[Event "World Rapid Women 2018"]
[Site "St Petersburg RUS"]
[Date "2018.12.27"]
[Round "8.40"]
[White "Solozhenkina, Elizaveta"]
[Black "Guseva, Marina"]
[Result "1-0"]
[WhiteTitle "WIM"]
[BlackTitle "IM"]
[WhiteElo "2258"]
[BlackElo "2408"]
[WhiteFideId "34106615"]
[BlackFideId "4149351"]
[EventDate "2018.12.26"]

1. Nf3 d5 2. g3 Bg4 3. Bg2 Nd7 4. d4 c6 5. O-O e6 6. Nbd2 Ngf6 7. Re1 Be7 8. e4
dxe4 9. Nxe4 Nxe4 10. Rxe4 Nf6 11. Re1 O-O 12. c3 Qb6 13. Qb3 Qxb3 14. axb3 a6
15. Ne5 Bf5 16. Nc4 Rad8 17. h3 Nd5 18. Bd2 h6 19. b4 Rfe8 20. Ne5 g5 21. Kh2 f6
22. Nc4 Kf7 23. Bf3 Bf8 24. Kg2 Bg6 25. h4 Kg7 26. Rh1 Bd3 27. Na5 Rd7 28. Rae1
Bf5 29. Bh5 Ree7 30. Nb3 b6 31. hxg5 hxg5 32. f4 gxf4 33. gxf4 Kg8 34. Kf3 Bc2
35. Na1 Bd3 36. Rhg1+ Bg7 37. Kf2 Kf8 38. Rg3 Bh7 39. Bg4 Rd6 40. Nb3 Bh6 41.
Kf3 f5 42. Bh3 Nf6 43. Be3 Ne4 44. Rgg1 Bg7 45. Ra1 Ra7 46. Bf1 b5 47. Bd3 Kf7
48. Bxe4 fxe4+ 49. Kf2 Rd8 50. Nc5 Bf5 51. d5 exd5 52. Ne6 Bxe6 53. Bxa7 Bc8 54.
Ke3 Bf6 55. Rh1 Ke6 56. Rag1 Bd7 57. Rh6 Kf7 58. Rh7+ Ke6 59. Rg6 Kf5 60. Rhh6
Rf8 61. Rg2 Be8 62. Bc5 Rf7 63. Bd4 Be7 64. Rg8 Bd7 65. Rh5+ Ke6 66. Rg6+ 1-0

[Event "World Rapid Women 2018"]
[Site "St Petersburg RUS"]
[Date "2018.12.27"]
[Round "8.41"]
[White "Maletina, Tatiana"]
[Black "Buksa, Nataliya"]
[Result "1-0"]
[WhiteTitle "WIM"]
[BlackTitle "IM"]
[WhiteElo "2270"]
[BlackElo "2410"]
[WhiteFideId "24145084"]
[BlackFideId "14123622"]
[EventDate "2018.12.26"]

1. d4 d5 2. c4 e6 3. Nf3 Nf6 4. g3 Bb4+ 5. Bd2 Be7 6. Bg2 O-O 7. O-O c6 8. Qc2
Nbd7 9. Rd1 a5 10. a4 b6 11. Bf4 Ba6 12. Ne5 Rc8 13. cxd5 cxd5 14. Nc6 Qe8 15.
Nxe7+ Qxe7 16. Nc3 Qb4 17. Qd2 Nh5 18. Be3 f5 19. Rdc1 Qd6 20. Bf3 Nhf6 21. Bf4
Qe7 22. Nb5 Bxb5 23. axb5 h6 24. Rc6 Rfe8 25. Rac1 Ra8 26. Bd6 Qf7 27. Qc2 Ra7
28. Rc8 Kh7 29. h4 g5 30. hxg5 hxg5 31. Qd2 Kg6 32. Qe3 Ra8 33. Rxa8 Rxa8 34.
Be5 Rh8 35. Rc7 Rd8 36. Rc6 Ne4 37. Bc7 Rc8 38. g4 Ndf6 39. gxf5+ exf5 40. Be5
Rxc6 41. bxc6 Qe6 42. c7 Kf7 43. Bxe4 Nxe4 44. Qh3 Qc8 45. Qh7+ Ke6 46. Qg6+ Ke7
47. Qxb6 f4 48. Qh6 Qg4+ 49. Kf1 Nd2+ 50. Ke1 Ne4 51. Qg7+ Ke8 52. Qg8+ Ke7 53.
c8=N+ Kd7 54. Nb6+ Kc6 55. Qxd5+ Kxb6 56. Qxe4 Qg1+ 57. Kd2 Qxf2 58. d5 Ka6 59.
Bd4 Qg3 60. Qd3+ Qxd3+ 61. Kxd3 Kb5 62. Ke4 1-0

[Event "World Rapid Women 2018"]
[Site "St Petersburg RUS"]
[Date "2018.12.27"]
[Round "8.42"]
[White "Gritsayeva, Oksana"]
[Black "Utiatskaja, Irina"]
[Result "1-0"]
[WhiteTitle "WFM"]
[BlackTitle "WIM"]
[WhiteElo "2378"]
[BlackElo "2246"]
[WhiteFideId "14104652"]
[BlackFideId "24140848"]
[EventDate "2018.12.26"]

1. e4 c5 2. Nf3 d6 3. d4 cxd4 4. Qxd4 Nc6 5. Bb5 Bd7 6. Bxc6 Bxc6 7. Nc3 Nf6 8.
Bg5 e6 9. O-O-O Be7 10. Rhe1 h6 11. Bxf6 Bxf6 12. Qxd6 Qxd6 13. Rxd6 Bxc3 14.
bxc3 Ke7 15. Rd4 Rhc8 16. Kb2 Be8 17. e5 Bc6 18. Nd2 Bd5 19. c4 Bxg2 20. Rg1 Rd8
21. c3 Bh3 22. Rxg7 Bf5 23. Rg3 Rd7 24. Nb3 Rc7 25. c5 b6 26. cxb6 axb6 27. Rg1
Rca7 28. Nc1 Ra5 29. f4 R5a7 30. Rgd1 Rg8 31. Nb3 h5 32. a4 Rg2+ 33. R1d2 Rg1
34. Rd1 Rg2+ 35. R1d2 Rg1 36. Ka3 Rc7 37. Kb4 h4 38. Rd6 Be4 39. c4 Rf1 40. Rxb6
Rxf4 41. Rd4 f6 42. Nc5 Rxc5 43. Kxc5 fxe5 44. Rd2 Bf3 45. a5 e4 46. Kd4 Rg4 47.
a6 Rg1 48. Ra2 Rd1+ 49. Kc5 e3 50. a7 Rd2 51. Ra3 e2 52. Re3 Ra2 53. Rbxe6+ Kd7
54. Re7+ Kd8 55. Re8+ 1-0

[Event "World Rapid Women 2018"]
[Site "St Petersburg RUS"]
[Date "2018.12.27"]
[Round "8.43"]
[White "Fominykh, Maria"]
[Black "Yurasova, Daria"]
[Result "1/2-1/2"]
[WhiteTitle "WGM"]
[WhiteElo "2259"]
[BlackElo "2190"]
[WhiteFideId "4142411"]
[BlackFideId "34146919"]
[EventDate "2018.12.26"]

1. Nf3 d5 2. g3 c6 3. Bg2 Nf6 4. b3 g6 5. Bb2 Bg7 6. O-O O-O 7. c4 Nbd7 8. Qc2
Nb6 9. d3 Bf5 10. Nbd2 Rc8 11. e4 dxe4 12. dxe4 Nxe4 13. Bxg7 Nxd2 14. Qb2 Nxf1
15. Rxf1 f6 16. Bh6 Be6 17. Ng5 Bf5 18. h3 Qc7 19. g4 Bd7 20. Re1 e5 21. Ne4 Be6
22. g5 f5 23. Nc5 Rce8 24. Rxe5 Bc8 25. Nd3 Rxe5 26. Nxe5 Re8 27. f4 Re7 28. Qd4
Nd7 29. Bd5+ cxd5 30. Qxd5+ Kh8 31. Nf7+ Kg8 32. Nd6+ Kh8 33. Nf7+ Kg8 1/2-1/2